| Tag |
First Indicator |
Second Indicator |
Subfields |
| LEADER |
00000cam a2200000 a 4500 |
| 001 |
in00000070215 |
| 005 |
20151008061637.0 |
| 008 |
730314s1972 inua b 00010 engm |
| 010 |
|
|
|a 72082722
|
| 020 |
|
|
|a 0253181429
|
| 020 |
|
|
|a 0253181410 (pbk.)
|
| 035 |
|
|
|a (OCoLC)00600370
|
| 035 |
|
|
|9 AAJ8509AM
|
| 040 |
|
|
|a DLC
|c DLC
|d m.c.
|d TXA
|d UtOrBLW
|
| 049 |
|
|
|a TXAM
|c [1387614]
|
| 050 |
0 |
0 |
|a PN1995
|b .W64 1972
|
| 082 |
0 |
|
|a 791.43/01
|
| 100 |
1 |
|
|a Wollen, Peter.
|
| 245 |
1 |
0 |
|a Signs and meaning in the cinema /
|c Peter Wollen.
|
| 250 |
|
|
|a New and enl., 3rd ed.
|
| 264 |
|
1 |
|a Bloomington :
|b Indiana University Press,
|c 1972.
|
| 300 |
|
|
|a 175 pages :
|b illustrations ;
|c 19 cm.
|
| 336 |
|
|
|a text
|b txt
|2 rdacontent
|
| 337 |
|
|
|a unmediated
|b n
|2 rdamedia
|
| 338 |
|
|
|a volume
|b nc
|2 rdacarrier
|
| 490 |
1 |
|
|a Cinema one ;
|v 9
|
| 504 |
|
|
|a Bibliography: pages 174-175.
|
| 650 |
|
0 |
|a Motion pictures
|x Aesthetics.
|
| 830 |
|
0 |
|a Cinema one ;
|v 9.
|
| 999 |
|
|
|a MARS
|
| 999 |
f |
f |
|s 2c3fbb2f-619f-315e-81c7-14bc02735798
|i cf00bb5c-4600-33cc-9b96-6c1faa12bab3
|t 0
|
| 952 |
f |
f |
|p ric
|a Texas A&M University
|b Rellis Campus
|c Joint Library Facility
|d Remote Storage
|t 0
|e PN1995 .W64 1972
|h Library of Congress classification
|i unmediated -- volume
|m A14852529982
|
| 998 |
f |
f |
|a PN1995 .W64 1972
|t 0
|l Remote Storage
|